[Event "Tromsoe CC-ch"]
[Site "Tromsoe"]
[Date "2010.12.02"]
[Round "9"]
[White "Berntzen, Stein"]
[Black "Machlik, Jon"]
[Result "1-0"]
[WhiteElo "1530"]
[BlackElo "1304"]
[PlyCount "61"]
[EventDate "2010.09.09"]
[EventType "swiss"]
[EventRounds "9"]
[EventCountry "NOR"]
[SourceTitle "EXT 2024"]
[Source "ChessBase"]
[SourceDate "2023.10.10"]
[SourceVersion "1"]
[SourceVersionDate "2023.10.10"]
[SourceQuality "1"]

1. d4 d5 2. c4 e6 3. Nc3 c6 4. Nf3 Nf6 5. Bg5 Be7 6. e3 Nbd7 7. Rc1 0-0 8. Bd3 h6 9. Bh4 b6 10. 0-0 Bb7 11. Re1 Re8 12. h3 Rc8 13. cxd5 exd5 14. Bb1 c5 15. dxc5 Nxc5 16. Nd4 Nce4 17. Nce2 Qd7 18. Qd3 a6 19. Nf3 Bd6 20. Bxf6 Nxf6 21. Ned4 Rxc1 22. Rxc1 Rc8 23. Rxc8+ Qxc8 24. Bc2 Ne4 25. Nh4 g6 26. f3 Nc5 27. Qd2 Bg3 28. Nxg6 fxg6 29. Bxg6 Kg7 30. Nf5+ Kxg6 31. Ne7+ 1-0

[Event "Tromsoesjakken-A"]
[Site "Tromsoe"]
[Date "2006.11.17"]
[Round "5"]
[White "Simonsen, Inge"]
[Black "Berntzen, Stein"]
[Result "1-0"]
[WhiteElo "1433"]
[BlackElo "1527"]
[PlyCount "69"]
[EventDate "2006.11.17"]
[EventType "swiss"]
[EventRounds "5"]
[EventCountry "NOR"]
[SourceTitle "EXT 2008"]
[Source "ChessBase"]
[SourceDate "2007.11.25"]
[SourceVersion "1"]
[SourceVersionDate "2007.11.25"]
[SourceQuality "1"]

1. e4 c5 2. c3 e6 3. d4 d5 4. e5 Ne7 5. f4 Nec6 6. Nf3 cxd4 7. cxd4 Qb6 8. Nc3 Be7 9. Be2 Nd7 10. Rb1 f6 11. exf6 Nxf6 12. 0-0 0-0 13. Kh1 Bd7 14. Be3 Ng4 15. Qd2 Nxe3 16. Qxe3 Bf6 17. Rfd1 Ne7 18. Bd3 Rac8 19. Rd2 Nc6 20. Re1 Na5 21. b3 Kh8 22. Ne2 Be7 23. Ng5 Bb4 24. Bxh7 Bxd2 25. Qxd2 Rf6 26. Qd3 Qb4 27. Rf1 Qf8 28. Bg6 e5 29. dxe5 Rxf4 30. Rxf4 Rc1+ 31. Ng1 Qxf4 32. Nf7+ Kg8 33. Qxd5 Be8 34. Nh6+ Kf8 35. Qd6# 1-0

[Event "Rallar op"]
[Site "Narvik"]
[Date "2005.04.16"]
[Round "3"]
[White "Hanssen, Gunnar Berg"]
[Black "Berntzen, Stein"]
[Result "1-0"]
[WhiteElo "2120"]
[BlackElo "1537"]
[PlyCount "79"]
[EventDate "2005.04.15"]
[EventType "swiss"]
[EventRounds "5"]
[EventCountry "NOR"]
[SourceTitle "EXT 2007"]
[Source "ChessBase"]
[SourceDate "2006.11.23"]
[SourceVersion "1"]
[SourceVersionDate "2006.11.23"]
[SourceQuality "1"]

1. Nf3 Nf6 2. c4 d5 3. cxd5 Nxd5 4. d4 g6 5. g3 Bg7 6. Bg2 c5 7. 0-0 Nd7 8. e4 Nb4 9. Nc3 0-0 10. d5 c4 11. Qa4 a5 12. Be3 b5 13. Nxb5 Bxb2 14. Rab1 c3 15. a3 Nd3 16. Qd4 N7c5 17. Qc4 Bd7 18. Nxc3 Bxa3 19. Bh6 Re8 20. e5 Bf5 21. Qd4 Qc8 22. e6 f6 23. g4 Nxe6 24. dxe6 Bc5 25. Qa4 Bxf2+ 26. Rxf2 Nxf2 27. gxf5 Qxc3 28. Kxf2 Qc5+ 29. Kg3 Qxf5 30. Rb5 Qxe6 31. Rxa5 Rac8 32. Ra6 Qe2 33. Bh3 Rb8 34. Rb6 Ra8 35. Qb3+ Kh8 36. Qf7 Rg8 37. Re6 Qc4 38. Qxe7 g5 39. Qxf6+ Rg7 40. Qxg7# 1-0

[Event "Tromsoesjakken op"]
[Site "Tromsoe"]
[Date "2003.11.30"]
[Round "5"]
[White "Pedersen, Johnny Karl"]
[Black "Berntzen, Stein"]
[Result "0-1"]
[WhiteElo "1308"]
[BlackElo "1531"]
[PlyCount "104"]
[EventDate "2003.11.28"]
[EventType "swiss"]
[EventRounds "6"]
[EventCountry "NOR"]
[SourceTitle "EXT 2009"]
[Source "ChessBase"]
[SourceDate "2008.11.26"]
[SourceVersion "1"]
[SourceVersionDate "2008.11.26"]
[SourceQuality "1"]

1. e4 c5 2. f4 Nc6 3. Nf3 e6 4. c4 Nge7 5. Nc3 Nd4 6. Nxd4 cxd4 7. Nb5 Nc6 8. e5 a6 9. Nd6+ Bxd6 10. exd6 Qa5 11. a3 Qc5 12. Qg4 0-0 13. Bd3 Qxd6 14. 0-0 f5 15. Qh4 Qe7 16. Qf2 d6 17. b4 e5 18. Bb2 Be6 19. Be2 Qf6 20. d3 Rad8 21. Rad1 b5 22. fxe5 dxe5 23. c5 Bd5 24. Bc1 a5 25. bxa5 Nxa5 26. Bd2 Nc6 27. Rb1 Rb8 28. Qg3 Rb7 29. a4 b4 30. Bf3 Bxf3 31. Qxf3 Qe6 32. Qd1 Qd5 33. Qb3 Qxb3 34. Rxb3 e4 35. Rfb1 e3 36. Be1 f4 37. a5 f3 38. gxf3 Rxf3 39. R3b2 Rf5 40. Bxb4 Rg5+ 41. Kh1 Rf7 42. Rg1 Re5 43. Be1 Rxc5 44. a6 Ra7 45. Rf1 h5 46. Rb6 Ne5 47. Bb4 Rc2 48. Rf8+ Kh7 49. Rb5 Rxa6 50. Ra5 Rxa5 51. Bxa5 Ng4 52. Rf4 Nf2+ 0-1

[Event "Tromsoesjakken op"]
[Site "Tromsoe"]
[Date "2003.11.29"]
[Round "3"]
[White "Larsen, Andreas"]
[Black "Berntzen, Stein"]
[Result "1-0"]
[WhiteElo "1516"]
[BlackElo "1531"]
[PlyCount "76"]
[EventDate "2003.11.28"]
[EventType "swiss"]
[EventRounds "6"]
[EventCountry "NOR"]
[SourceTitle "EXT 2009"]
[Source "ChessBase"]
[SourceDate "2008.11.26"]
[SourceVersion "1"]
[SourceVersionDate "2008.11.26"]
[SourceQuality "1"]

1. d4 Nf6 2. Nf3 g6 3. e3 Bg7 4. Bd3 d5 5. 0-0 0-0 6. c3 Nbd7 7. Nbd2 c5 8. Qe2 Qc7 9. e4 dxe4 10. Nxe4 cxd4 11. Nxd4 a6 12. Ng5 Nc5 13. Bc2 Nd5 14. Ndf3 e5 15. Qc4 Nb6 16. Qh4 h5 17. h3 Nd5 18. Re1 Ne6 19. Nxe6 Bxe6 20. Qg3 Nf4 21. Kh1 Bd5 22. Bxf4 exf4 23. Qg5 Qc6 24. Qxf4 Rae8 25. Kg1 Kh7 26. Rad1 Kg8 27. Bb3 Rxe1+ 28. Rxe1 Bxb3 29. axb3 Re8 30. Rxe8+ Qxe8 31. Qe3 Qd8 32. Nd4 Qd7 33. Qe4 Kf8 34. Kf1 Qc7 35. Ke2 Be5 36. Kd3 Qe7 37. f4 Bd6 38. Qxe7+ Kxe7 1-0

[Event "Hammerfest op"]
[Site "Hammerfest"]
[Date "2003.09.21"]
[Round "7"]
[White "Berntzen, Stein"]
[Black "Kiseleva, Maria"]
[Result "1/2-1/2"]
[WhiteElo "1550"]
[BlackElo "1200"]
[PlyCount "50"]
[EventDate "2003.09.??"]
[EventType "swiss (rapid)"]
[EventRounds "7"]
[EventCountry "NOR"]
[SourceTitle "EXT 2005"]
[Source "ChessBase"]
[SourceDate "2004.11.15"]
[SourceVersion "1"]
[SourceVersionDate "2004.11.15"]
[SourceQuality "1"]

1. d4 d5 2. c4 c6 3. Nc3 Nf6 4. Nf3 dxc4 5. e3 b5 6. a4 Nd5 7. e4 Nxc3 8. bxc3 e6 9. Be2 Be7 10. Bf4 Bb7 11. Qb1 Qb6 12. axb5 cxb5 13. Bxc4 bxc4 14. Qxb6 axb6 15. Rxa8 Bxa8 16. Bxb8 Bxe4 17. Ne5 Bd5 18. Kd2 f6 19. Ng4 Kd7 20. Ba7 Kc6 21. Rb1 b5 22. Ne3 Ra8 23. Nxd5 exd5 24. Ra1 Kb7 25. Re1 Rxa7 1/2-1/2

[Event "Hammerfest op"]
[Site "Hammerfest"]
[Date "2003.09.21"]
[Round "6"]
[White "Rafnung, Skjalg"]
[Black "Berntzen, Stein"]
[Result "1-0"]
[WhiteElo "1591"]
[BlackElo "1550"]
[PlyCount "103"]
[EventDate "2003.09.??"]
[EventType "swiss (rapid)"]
[EventRounds "7"]
[EventCountry "NOR"]
[SourceTitle "EXT 2005"]
[Source "ChessBase"]
[SourceDate "2004.11.15"]
[SourceVersion "1"]
[SourceVersionDate "2004.11.15"]
[SourceQuality "1"]

1. e4 c5 2. Nc3 Nc6 3. f4 d6 4. Nf3 e6 5. a4 Nf6 6. e5 dxe5 7. fxe5 Nd5 8. Bb5 a6 9. Bxc6+ bxc6 10. 0-0 Qc7 11. Ng5 Qxe5 12. Nxf7 Qd4+ 13. Kh1 Rg8 14. Qf3 Ra7 15. Ne4 Nf6 16. Nfg5 Nxe4 17. Nxe4 Bd6 18. Nxd6+ Qxd6 19. d3 Rf8 20. Qxf8+ Qxf8 21. Rxf8+ Kxf8 22. Be3 Rf7 23. Bxc5+ Ke8 24. Kg1 Rf5 25. d4 e5 26. Re1 Kd7 27. Rxe5 Rxe5 28. dxe5 Ke6 29. Bd6 Kd5 30. Kf2 c5 31. Ke3 a5 32. Kf4 Bd7 33. Bc7 Bxa4 34. b3 Bc6 35. Bxa5 c4 36. g4 cxb3 37. cxb3 g5+ 38. Kxg5 Kxe5 39. Bc3+ Ke6 40. Kh6 Be4 41. Kg7 Kd5 42. Bf6 Bc2 43. b4 Bd3 44. h4 Ke6 45. g5 Bg6 46. b5 Kd6 47. b6 Kd7 48. Be5 Be4 49. h5 Ke7 50. g6 hxg6 51. hxg6 Ke8 52. Kh8 1-0

[Event "Hammerfest op"]
[Site "Hammerfest"]
[Date "2003.09.20"]
[Round "5"]
[White "Berntzen, Stein"]
[Black "Hansen, Ola"]
[Result "1/2-1/2"]
[WhiteElo "1550"]
[BlackElo "1473"]
[PlyCount "75"]
[EventDate "2003.09.??"]
[EventType "swiss (rapid)"]
[EventRounds "7"]
[EventCountry "NOR"]
[SourceTitle "EXT 2005"]
[Source "ChessBase"]
[SourceDate "2004.11.15"]
[SourceVersion "1"]
[SourceVersionDate "2004.11.15"]
[SourceQuality "1"]

1. d4 c6 2. Nf3 g6 3. c4 Bg7 4. e4 d5 5. e5 Bg4 6. h3 Bxf3 7. Qxf3 e6 8. cxd5 Qxd5 9. Qxd5 cxd5 10. Nc3 a6 11. Be3 h5 12. Rc1 Nd7 13. Be2 Ne7 14. Na4 b5 15. Nc5 Nxc5 16. Rxc5 Kd7 17. 0-0 Rhc8 18. Rfc1 Rxc5 19. Rxc5 Rc8 20. f4 Rxc5 21. dxc5 f6 22. exf6 Bxf6 23. b3 Kc6 24. g4 hxg4 25. hxg4 d4 26. Bd2 Kxc5 27. Bd3 e5 28. fxe5 Bxe5 29. a3 Kd5 30. Kg2 Ke6 31. Kf3 Bf6 32. a4 Nc6 33. axb5 Ne5+ 34. Ke2 axb5 35. Bxb5 Nxg4 36. Ba6 Kd6 37. Bd3 Ne5 38. b4 1/2-1/2